Economía globalizada y Mercosur (Record no. 19648)

MARC details
000 -LEADER
campo de control de longitud fija 01809nmm a2200601 a 4500
003 - IDENTIFICADOR DE NÚMERO DE CONTROL
campo de control AR-BaBNM
005 - FECHA Y HORA DE LA ÚLTIMA TRANSACCIÓN
campo de control 20251128211427.0
008 - DATOS DE LONGITUD FIJA--INFORMACIÓN GENERAL
campo de control de longitud fija 024020s1998 ||||||||||||||000 | spa||
020 ## - NÚMERO INTERNACIONAL ESTÁNDAR DEL LIBRO
Número Internacional Estándar del Libro 987-507-059-9
040 ## - FUENTE DE CATALOGACIÓN
Centro/agencia transcriptor AR-BaBNM
245 10 - MENCIÓN DEL TÍTULO
Título Economía globalizada y Mercosur
260 ## - PUBLICACIÓN, DISTRIBUCIÓN, ETC.
Lugar de publicación, distribución, etc. Buenos Aires
Nombre del editor, distribuidor, etc. Ciudad Argentina
Fecha de publicación, distribución, etc. 1998
300 0# - DESCRIPCIÓN FÍSICA
Extensión 460 p.
610 24 - PUNTO DE ACCESO ADICIONAL DE MATERIA--NOMBRE DE ENTIDAD CORPORATIVA
Nombre de entidad corporativa o nombre de jurisdicción como elemento de entrada Unión Europea
610 24 - PUNTO DE ACCESO ADICIONAL DE MATERIA--NOMBRE DE ENTIDAD CORPORATIVA
Nombre de entidad corporativa o nombre de jurisdicción como elemento de entrada MERCOSUR
610 24 - PUNTO DE ACCESO ADICIONAL DE MATERIA--NOMBRE DE ENTIDAD CORPORATIVA
Nombre de entidad corporativa o nombre de jurisdicción como elemento de entrada ALCA
650 #4 - PUNTO DE ACCESO ADICIONAL DE MATERIA--TÉRMINO DE MATERIA
Término de materia o nombre geográfico como elemento de entrada DERECHO INTERNACIONAL
650 #4 - PUNTO DE ACCESO ADICIONAL DE MATERIA--TÉRMINO DE MATERIA
Término de materia o nombre geográfico como elemento de entrada SEGURIDAD
650 #4 - PUNTO DE ACCESO ADICIONAL DE MATERIA--TÉRMINO DE MATERIA
Término de materia o nombre geográfico como elemento de entrada RELACIONES INTERNACIONALES
650 #4 - PUNTO DE ACCESO ADICIONAL DE MATERIA--TÉRMINO DE MATERIA
Término de materia o nombre geográfico como elemento de entrada INTEGRACION REGIONAL
650 #4 - PUNTO DE ACCESO ADICIONAL DE MATERIA--TÉRMINO DE MATERIA
Término de materia o nombre geográfico como elemento de entrada SEGURIDAD SOCIAL
650 #4 - PUNTO DE ACCESO ADICIONAL DE MATERIA--TÉRMINO DE MATERIA
Término de materia o nombre geográfico como elemento de entrada LEGISLACION
700 1# - ENTRADA AGREGADA--NOMBRE PERSONAL
Nombre de persona Ciuro Caldani, Miguel Angel
Término indicativo de función/relación presentación
700 1# - ENTRADA AGREGADA--NOMBRE PERSONAL
Nombre de persona Althaus, Alfredo A.
700 1# - ENTRADA AGREGADA--NOMBRE PERSONAL
Nombre de persona Andrade Sampaio, Carlos Eduardo
700 1# - ENTRADA AGREGADA--NOMBRE PERSONAL
Nombre de persona Arbuet-Vignali, Heber
700 1# - ENTRADA AGREGADA--NOMBRE PERSONAL
Nombre de persona Arcocha, Carlos Enrique
700 1# - ENTRADA AGREGADA--NOMBRE PERSONAL
Nombre de persona Lara, Antonio Rubens Costa de
700 1# - ENTRADA AGREGADA--NOMBRE PERSONAL
Nombre de persona Dromi, Roberto
700 1# - ENTRADA AGREGADA--NOMBRE PERSONAL
Nombre de persona Dromi San Martino, Laura
700 1# - ENTRADA AGREGADA--NOMBRE PERSONAL
Nombre de persona Faria, Werter R.
700 1# - ENTRADA AGREGADA--NOMBRE PERSONAL
Nombre de persona Irigoin Berrenne, Jeannette
700 1# - ENTRADA AGREGADA--NOMBRE PERSONAL
Nombre de persona Jiménez de Parga y Maseda, Patricia
700 1# - ENTRADA AGREGADA--NOMBRE PERSONAL
Nombre de persona Lattuca, Ada
700 1# - ENTRADA AGREGADA--NOMBRE PERSONAL
Nombre de persona Lister Nazif, Nelson
700 1# - ENTRADA AGREGADA--NOMBRE PERSONAL
Nombre de persona Molina del Pozo, Carlos Francisco
700 1# - ENTRADA AGREGADA--NOMBRE PERSONAL
Nombre de persona Nicolau, Noemí Lidia
700 1# - ENTRADA AGREGADA--NOMBRE PERSONAL
Nombre de persona Niloco, Vittorino
700 1# - ENTRADA AGREGADA--NOMBRE PERSONAL
Nombre de persona Pallarés, Beatriz
700 1# - ENTRADA AGREGADA--NOMBRE PERSONAL
Nombre de persona Pascar, Norma A.
700 1# - ENTRADA AGREGADA--NOMBRE PERSONAL
Nombre de persona Pocoví, Gertrudis María Estela
700 1# - ENTRADA AGREGADA--NOMBRE PERSONAL
Nombre de persona Richard, Efraín Hugo
700 1# - ENTRADA AGREGADA--NOMBRE PERSONAL
Nombre de persona Ruiz Díaz Labrano, Roberto
700 1# - ENTRADA AGREGADA--NOMBRE PERSONAL
Nombre de persona Silva Alonso, Ramón
700 1# - ENTRADA AGREGADA--NOMBRE PERSONAL
Nombre de persona Stahringer de Caramuti, Ofelia
700 1# - ENTRADA AGREGADA--NOMBRE PERSONAL
Nombre de persona Treviño Ghioldi, Susana
700 1# - ENTRADA AGREGADA--NOMBRE PERSONAL
Nombre de persona Uriondo de Martinoli, Amalia
700 1# - ENTRADA AGREGADA--NOMBRE PERSONAL
Nombre de persona Vera Moreno, José Luis
700 1# - ENTRADA AGREGADA--NOMBRE PERSONAL
Nombre de persona Blanco, Dámaso-Javier Vicente
700 1# - ENTRADA AGREGADA--NOMBRE PERSONAL
Nombre de persona Vittone, Darío
942 ## - ELEMENTOS DE ENTRADA SECUNDARIOS (KOHA)
Tipo de ítem Koha Libros
998 ## - INFORMACIÓN DE CONTROL LOCAL (RLIN)
Iniciales del catalogador, CIN (RLIN) Mariana
Holdings
Estatus retirado Estado de pérdida Fuente de la clasificación o esquema de estantería Estado de daño Restricciones de uso No para préstamo Biblioteca de origen Biblioteca actual Fecha de adquisición Total de préstamos Signatura topográfica completa Código de barras Visto por última vez Precio de reemplazo Tipo de ítem Koha
    Clasificación Decimal Dewey   Acceso restringido No para préstamo Liberty Liberty 28/11/2025   330[7/8] CIU 135012 28/11/2025 28/11/2025 Libros